000
00334nam a22001457a 4500
008
210518b ||||| |||| 00| 0 eng d
020
_a
9781879961098
041
_a
eng
080
_a
91
082
_a
91
100
_a
42
101
_a
GJEO
245
_a
Speleogenesis Evolution of Karst Aquifers
_c
Klimchouk,A.B
942
_2
udc
_c
BK
999
_c
57425
_d
57425